000 01517nam a2200325 a 4500
003 Mxchpua
005 20250805124140.0
007 ta
008 250729s2025 mx ado|fs|||| 001 0 spa d
040 _amxchpua
090 _aT.C.971
_bR36 IAI
_c2025
245 1 _aForo de resultados Interrelación Agricultura-Industria región:
_bPenínsula de Yucatán /
_ccoordinador José Orlando Ramayo Ramírez...[y otros]
260 _aChapingo, México :
_bEl autor,
_c2025
300 _a1 recurso en línea (16 páginas) :
_bilustraciones, tablas, gráficas, fotografias
336 _2rdacontent
_aTexto
_btxt
337 _2rdamedia
_acomputadora
_bc
338 _2rdacarrier
_arecurso en línea
_bcr
500 _aGrado: 5°año
502 _aViaje de Estudios
_b(IAI) --
_cUACh. Departamento de Ingeniería Agroindustrial,
_d2025
650 1 3 _aIndustria de las hortalizas
_9162474
_zMéxico
650 1 3 _aFrutos
_xIndustria y comercio
_zMéxico
_9153646
650 1 3 _aIndustria del ganado y de la carne
_zMéxico
_9147829
650 1 3 _aMiel y productos fabricados por abejas
_xIndustria y comercio
_zMéxico
_9162813
650 1 3 _aVegetable industry
_9162475
_zMexico
650 1 3 _aFruits
_xIndustry and trade
_zMexico
_9153645
650 1 3 _aLivestock and meat industry
_zMexico
_9147830
650 1 3 _aHoney and bee products
_xIndustry and trade
_zMexico
_9162812
700 1 _aRamayo Ramírez, José Orlando
_9161734
_ecoordinador
856 4 1 _yDESCARGAR REPORTE
_uhttp://10.13.5.2/ve/TC971_IAI/TC971_IAI_2025-REPORTE.pdf
999 _c220760
_d220760